Formación del profesorado para el nuevo siglo: aportes de la tecnología educativa apropiada

Uloženo v:
Podrobná bibliografie
Hlavní autor: Fainholc, Beatriz (Autor)
Médium: Kniha
Jazyk:španělština
Vydáno: Buenos Aires Lumen 2000
Témata:
Tagy: Přidat tag
Žádné tagy, Buďte první, kdo vytvoří štítek k tomuto záznamu!

MARC

LEADER 00000nam a2200000 a 4500
001 UCO9305
003 CL-VaPUC
005 20240826154131.0
008 010125e20000000ag 1 spa d
082 0 4 |a 370.71  |b FAI  |2 21 
100 1 |a Fainholc, Beatriz  |e author  |9 619876 
245 1 0 |a Formación del profesorado para el nuevo siglo: aportes de la tecnología educativa apropiada 
260 |a Buenos Aires  |b Lumen  |c 2000 
300 |a 220 p 
583 |a last modification  |c 20010125 00:00:00  |k Rodrigo Vera 
650 0 0 |a Formación profesional de profesores  |9 307493 
650 0 0 |a Currículo  |9 307290 
650 0 0 |a Métodos de enseñanza  |9 270413 
650 0 0 |a Innovaciones pedagógicas  |9 307471 
650 0 0 |a Educación a distancia   |9 308343 
942 |c BK 
945 |a cmena  |d 20010125 00:00:00 
546 |a En Español 
518 |p Tecnología Educativa, Nuevas Tecnologías de la Información y la Comunicación y Educación, Buenos Aires, 7 y 8 de Mayo de 1997 y 1999 
999 |c 383637  |d 383635 
952 |0 0  |1 0  |4 0  |6 370_710000000000000_FAI_2000  |7 0  |8 A  |9 505826  |a BIBEDU  |b BIBEDU  |c ES_NOD  |d 2020-01-23  |i 3685608  |o 370.71 FAI 2000  |p 3685608  |r 2023-08-09  |w 2020-01-23  |y BK  |k EDU